LEADER 01957nam0 2200361 450 001 000043931 005 20180117113909.0 010 $a978-88-916-0856-7 100 $a20180117d2015----km-y0itaa50------ba 101 0 $aita 102 $aIT 200 1 $aPiano e progetto di area verde$emanuale di progettazione$eil sistema delle aree verdi, parchi e giardini pubblici e privati, percorsi verdi, metodi per la pianificazione, fasi del progetto, tecniche di progettazione, tecnologie GIS e CAD, elementi di composizione, la costruzione delle forme, arbusti e composizione vegetale ...$fAlessandro Toccolini$gcon la collaborazione di Paolo Stefano Ferrario, Natalia Fumagalli, Giulio Senes 205 $a4. ed. ampliata$fcon la collaborazione di Paolo Stefano Ferrario, Natalia Fumagalli, Giulio Senes 210 $aSantarcangelo di Romagna$cMaggioli$d2015 215 $a533 p.$cill.$d30 cm.$e1 CD-ROM 225 2 $aAmbiente & territorio$v57 300 $aIl DVD contiene: 20 casi progettuali risolti di giardini privati, terrazze e aree verdi pubbliche; il software Arbor Explorer vers. 1.2 per la scelta delle piante arboree con schede e immagini a colori esportabili 410 0$12001$aAmbiente & territorio$v57 606 1 $aZone verdi$xSistemazione 606 2 $aGiardini$xProgettazione 606 2 $aParchi$xProgettazione 676 $a712.5$v(22. ed.)$9Paesistica (Architettura del paesaggio). Parchi e terreni pubblici 700 1$aToccolini,$bAlessandro$0448162 702 1$aFerrario,$bPaolo Stefano$f<1963- > 702 1$aFumagalli,$bNatalia 702 1$aSenes,$bGiulio$f<1967- > 801 0$aIT$bUniversità della Basilicata - B.I.A.$gREICAT$2unimarc 912 $a000043931 996 $aPiano e progetto di area verde$929663 997 $aUNIBAS CAT $aTTM$b30$c20180117$lBAS01$h1139 FMT Z30 -1$lBAS01$LBAS01$mBOOK$1BASA4$APolo di Matera$2DID$BDidattica$3MSR/115675$6115675$5T115675$820180117$f98$FConsultazione LEADER 05508nam 2200661Ia 450 001 9910462357703321 005 20200520144314.0 010 $a1-283-57160-9 010 $a9786613884053 010 $a90-272-7364-2 035 $a(CKB)2670000000240304 035 $a(EBL)1000269 035 $a(OCoLC)811490678 035 $a(SSID)ssj0000704667 035 $a(PQKBManifestationID)12218428 035 $a(PQKBTitleCode)TC0000704667 035 $a(PQKBWorkID)10719203 035 $a(PQKB)10453433 035 $a(MiAaPQ)EBC1000269 035 $a(Au-PeEL)EBL1000269 035 $a(CaPaEBR)ebr10593813 035 $a(CaONFJC)MIL388405 035 $a(EXLCZ)992670000000240304 100 $a20120418d2012 uy 0 101 0 $aeng 135 $aur|n|---||||| 181 $ctxt 182 $cc 183 $acr 200 00$aComparative Germanic syntax$b[electronic resource] $ethe state of the art /$fedited by Peter Ackema ...[et al.] 210 $aAmsterdam ;$aPhiladelphia $cJohn Benjamins Pub. Co.$d2012 215 $a1 online resource (434 p.) 225 0 $aLinguistik aktuell/linguistics today ;$vv. 191 300 $aDescription based upon print version of record. 311 $a90-272-5574-1 320 $aIncludes bibliographical references and index. 327 $aComparative Germanic Syntax; Editorial page; Title page; LCC data; Table of contents; List of contributors; INTRODUCTION; Comparative Germanic Syntax; References; Modal complement ellipsis; 1. Introduction; 2. Dutch modal complement ellipsis (MCE); 2.1 Basic properties; 2.2 Dutch modals and their complements; 2.2.1 Modals are raising verbs; 2.2.2 Dutch modals are merged in V, not in T; 2.2.3 Dutch modals select a non-finite TP complement; 2.2.4 Summary; 2.3 Ellipsis: Deletion or proform?; 2.3.1 Objects cannot extract out of MCE; 2.3.2 Subjects can extract out of MCE; 2.4 Summary 327 $a3. Ellipsis is deletion4. The analysis of Dutch MCE; 4.1 The licensing head and the size of the ellipsis site; 4.2 The extraction data; 4.2.1 Wh-object extraction; 4.2.2 Object scrambling; 4.2.3 Subject extraction; 4.3 Summary; 5. English VP ellipsis; 5.1 The licensing head and the ellipsis site; 5.2 The extraction data; 6. Conclusions and Further research; References; On the adverbial reading of infrequency adjectives and the structure of the DP; 1. Introduction; 1.1 Occasional constructions in English; 1.2 Constraints on English OCs; 1.2.1 Types of Ds licensing the OC reading 327 $a1.2.2 Adjacency to D1.2.3 Impossibility of coordination; 1.2.4 Types of adjectives licensing the OC reading; 1.3 The peculiarity of OCs: the syntax-semantics mismatch; 1.4 A proposal for OCs: Complex quantifier formation and quantifier raising (QR); 1.5 The Inverse scope parameter; 1.6 Our contribution; 2. German OCs revisited; 3. OCs beyond Germanic: Greek and Italian; 3.1 Scope in Greek and Italian; 3.2 OCs in Greek; 3.3 Italian OCs; 3.3.1 Types of Ds licensing the OC reading; 3.3.2 Adjacency to D; 3.3.3 Impossibility of coordination; 3.3.4 Prenominal position of the adjective 327 $a3.4 The semantic properties of qualche3.5 Interim summary and questions to address; 4. Towards an analysis; 4.1 The structure of the DP; 4.2 The dual nature of qualche; 4.3 PlP and OCs across languages; 4.3.1 Complex quantifier formation in Italian; 4.3.2 Plural determiners in English; 4.3.3 Greek and German determiners; 4.4 OCs and the syntax of determiners across languages; 5. Summary and conclusions; References; Crossing the Lake; 1. Introduction; 1.1 Background: Verb doubling in Swiss German; 1.2 The element gi in Bodensee-Alemannic; 2. Shared properties; 2.1 Interpretive properties 327 $a2.2 The category of the infinitival complement2.3 Structural position of the gi/go-phrase; 2.4 Infinitival complements with 'zum:' A clausal complement; 2.5 The structure; 3. Differences between CH-Alemannic and DE-Alemannic; 3.1 No integration into the VR/VPR-system; 3.2 Reordering possibilities; 3.3 No verbal doubling in BA; 4. The historical development; 4.1 The prepositional origin of gi/go; 4.2 The emergence of verb doubling in Swiss German; 5. Accounting for the differences; 5.1 Gi in BA; 5.2 Go in CH; 6. Why is gi/go limited to alemannic varieties?; 6.1 Historical issues 327 $a6.2 The case of West Flemish 330 $aThe present volume contains a selection of papers presented at the 23rd and 24th Comparative Germanic Syntax Workshop held at the University of Edinburgh and the Hogeschool-Universiteit Brussels. The contributions provide new perspectives on several topics of current interest for syntactic theory on the basis of comparative data from a wide range of Germanic languages. Among the theoretical and empirical issues explored are various ellipsis phenomena, the internal structure of the DP, the syntax-morphology interface, the syntax-semantics interface, Binding Theory, various diachronic developmen 410 0$aLinguistik aktuell ;$vBd. 191. 606 $aGermanic languages$xGrammar, Comparative 606 $aGermanic languages$xSyntax 608 $aElectronic books. 615 0$aGermanic languages$xGrammar, Comparative. 615 0$aGermanic languages$xSyntax. 676 $a430/.045 701 $aAckema$b Peter$f1965-$0906308 801 0$bMiAaPQ 801 1$bMiAaPQ 801 2$bMiAaPQ 906 $aBOOK 912 $a9910462357703321 996 $aComparative Germanic syntax$92026906 997 $aUNINA